[Event "Kuala Lumpur UM KPT op"]
[Site "Kuala Lumpur"]
[Date "2016.12.16"]
[Round "3"]
[White "Jamaluddin, Mohd Haizal"]
[Black "Abdul Mois, Muhd Nafis"]
[Result "1-0"]
[WhiteElo "1858"]
[BlackElo "1306"]
[PlyCount "75"]
[EventDate "2016.12.16"]
[EventType "swiss"]
[EventRounds "9"]
[EventCountry "MAS"]
[SourceTitle "CBM 176 Extra"]
[Source "ChessBase"]
[SourceDate "2017.03.02"]
[SourceVersion "1"]
[SourceVersionDate "2017.03.02"]
[SourceQuality "1"]

1. d4 d5 2. c4 e6 3. Nc3 Nf6 4. Bg5 Be7 5. e3 a6 6. Nf3 Nc6 7. a3 Ne4 8. Bxe7 Nxe7 9. Bd3 Nxc3 10. bxc3 dxc4 11. Bxc4 b5 12. Be2 Bb7 13. a4 Nd5 14. Qb3 c6 15. 0-0 0-0 16. c4 Nc7 17. Ne5 Qg5 18. Bf3 Rab8 19. Nd7 bxc4 20. Qxc4 a5 21. Nxb8 Rxb8 22. Qc5 Qxc5 23. dxc5 Na6 24. Rab1 Nb4 25. Rfd1 g6 26. h3 Rc8 27. Rd7 Ba6 28. Rbd1 Bc4 29. Rd8+ Rxd8 30. Rxd8+ Kg7 31. Ra8 Bd5 32. Bxd5 exd5 33. Rxa5 Kf6 34. Ra8 Ke5 35. Re8+ Kf6 36. a5 Na6 37. Rc8 Nb4 38. a6 1-0